| 000 -LEADER | |
|---|---|
| fixed length control field | 00406nam a22001697a 4500 |
| 005 - DATE AND TIME OF LATEST TRANSACTION | |
| control field | 20180321110110.0 |
| 008 - FIXED-LENGTH DATA ELEMENTS--GENERAL INFORMATION | |
| fixed length control field | 160521b xxu||||| |||| 00| 0 eng d |
| 020 ## - INTERNATIONAL STANDARD BOOK NUMBER | |
| ISBN | 978-81-203-2731-3 |
| 041 ## - LANGUAGE CODE | |
| Language code of text/sound track or separate title | eng |
| 082 ## - DEWEY DECIMAL CLASSIFICATION NUMBER | |
| Item number | 3984 |
| Classification number | 338.502 465 8 |
| 100 ## - MAIN ENTRY--AUTHOR NAME | |
| Personal name | Maheshwari, Yogesh |
| 245 ## - TITLE STATEMENT | |
| Title | Managerial Economics |
| 260 ## - PUBLICATION, DISTRIBUTION, ETC. (IMPRINT) | |
| Place of publication | New Delhi |
| Name of publisher | PHI, |
| 300 ## - PHYSICAL DESCRIPTION | |
| Number of Pages | 280 |
| 650 ## - SUBJECT ADDED ENTRY--TOPICAL TERM | |
| Topical Term | Management |
| 942 ## - ADDED ENTRY ELEMENTS (KOHA) | |
| Koha item type | Books |
| Lost status | Damaged status | Collection code | Home library | Shelving location | Date acquired | Cost, normal purchase price | Full call number | Accession Number | Koha item type | Current library |
|---|---|---|---|---|---|---|---|---|---|---|
| MANAGEMENT | JRU Library | SHELF-59-G | 21/05/2016 | 195.00 | 338.502 465 8 | 3984 | Books | |||
| MANAGEMENT | JRU Library | SHELF-31-H | 21/05/2016 | 195.00 | 338.502 465 8 | 3985 | Books | JRU Library |